Responses for Show #8069 - Thursday, October 10, 2019

Contestants

[<< previous game]

Geoff Duncan, a freelance programmer and musician from Seattle, Washington

Cara Moretto, an actor from New York, New York

Jessica Garsed, a librarian from Augusta, Maine (whose 3-day cash winnings total $52,199)

[next game >>]

Jeopardy! Round responses

A JOB IN TV
DOUBLE "Z" WORDS
20th CENTURY NOVELS
BOLD STRATEGY
COTTON
LET'S SEE IF IT PAYS OFF FOR 'EM
    $200 1
(Andy) Richter

Cara
    $200 6
muzzle

Triple Stumper
    $200 16
Brave New World

Cara
    $200 30
siege

Geoff
    $200 29
a spinning wheel

Jessica
    $200 21
chewing gum

Cara
    $400 2
bailiff

Geoff
    $400 7
mezzanine

Jessica
    $400 17
The Good Earth

Cara
    $400 11
kamikaze

Jessica
    $400 28
Eli Whitney

Geoff
    $400 22
Walt Disney

Jessica
    $600 3
Anthony Anderson

Geoff
    $600 8
guzzle

Jessica
    $600 18
The Grapes of Wrath

Jessica
    $600 12
a retreat

Geoff
    $600 15
The Velveteen Rabbit

Cara
    $600 23
eBay

Geoff
    $800 4
maƮtre d'

Jessica
    $800 9
pizzazz

Geoff
    $800 19
One Hundred Years of Solitude

Cara
    $2,400 13
divide and conquer

Geoff
    $800 26
bolls

Jessica
    $800 24
the Barbie doll

Jessica
    $1000 5
Jimmy Kimmel

Cara
    $1000 10
terrazzo

Triple Stumper
    $1000 20
(Jessica: What is 1984?)

A Clockwork Orange

JessicaGeoff
    $1000 14
(Cara: What is Hurtgen Forest?)
(Jessica: What is the Maginot Line?)

the Ardennes

JessicaCara
Triple Stumper
    $1000 27
a filament

Geoff
    $1000 25
Harley and Davidson

Jessica

Scores at the first commercial break (after clue 15):

Jessica Cara Geoff
$1,200 $800 $4,800

Scores at the end of the Jeopardy! Round:

Jessica Cara Geoff
$4,000 $2,400 $8,000

Double Jeopardy! Round responses

THEY SAID NO!
4-LETTER PLACES
TECH TALK
OLD PHRASES
THE "NIGHT" WATCH
BOOKS GOING BACK IN TIME
    $400 1
2012

Cara
    $400 26
(Cara: What is Corsica?)

Elba

CaraGeoff
    $400 25
hardness

Cara
    $400 6
auld lang syne

Geoff
    $400 11
Friday Night Lights

Cara
    $400 16
Gettysburg

Cara
    $800 2
Francis Crick

Jessica
    $8,000 27
(Alex: [Before the wager] Less than a minute now, Geoff.)

Kobe

Geoff
    $800 24
(Cara: What is altitude?)

weather

CaraGeoff
    $800 7
Greeks

Geoff
    $800 12
Night School

Cara
    $800 17
Hurricane Katrina

Jessica
    $1200 3
David Bowie

Jessica
    $1200 28
Oslo

Cara
    $1200 23
billionths of a meter

Geoff
    $1200 8
pox

Jessica
    $2,500 13
(Cara: What is... Tender is the Night?)

In the Heat of the Night

Cara
    $1200 18
Lonesome Dove

Cara
    $1600 4
(Peter) Higgs

Geoff
    $1600 29
[The end-of-round signal sounds.]

Chad

Geoff
    $1600 22
mining

Geoff
    $1600 9
(Geoff: What is to roll up one's sleeves?)

to gird your loins

Geoff
Triple Stumper
    $1600 14
Midnight Run

Triple Stumper
    $1600 19
yellow fever

Jessica
    $2000 5
Lawrence (of Arabia)

Geoff
    $2000 21
(Geoff: What is a manifold?)
(Jessica: What is a carburetor?)

the crankcase

JessicaGeoff
Triple Stumper
    $2000 10
Daniel

Triple Stumper
    $2000 15
It Happened One Night

Cara
    $2000 20
Walter Scott

Geoff

Scores at the end of the Double Jeopardy! Round:

Jessica Cara Geoff
$7,600 $5,500 $24,800
(lock game)

[wagering suggestions for these scores]

Final Jeopardy! Round responses

ENGLISH HISTORY
CaraWhat is East India
$5,300
JessicaWhat is the Virginia Company?
$7,599
GeoffWhat is the British East India Company
$8,599
British East India Company

Final scores:

Jessica Cara Geoff
$1 $200 $33,399
3rd place: $1,000 2nd place: $2,000 New champion: $33,399

Game dynamics:

Coryat scores:

Jessica Cara Geoff
$7,600 $8,000 $16,000
15 R,
3 W
15 R,
4 W
(including 1 DD)
21 R
(including 2 DDs),
2 W

Combined Coryat: $31,600

[game clues] [game scores] [suggest correction]

Game tape date: 2019-08-13
The J! Archive is created by fans, for fans. Scraping, republication, monetization, and malicious use prohibited; this site may use cookies and collect identifying information. See terms. The Jeopardy! game show and all elements thereof, including but not limited to copyright and trademark thereto, are the property of Jeopardy Productions, Inc. and are protected under law. This website is not affiliated with, sponsored by, or operated by Jeopardy Productions, Inc. Join the discussion at JBoard.tv.